000
003030000a22001330004500
003
MACL
040
_a
MACL
090
_c
35870
_d
35868
100
_a
Young, G M
245
_a
Speeches by Lord Macaulay
260
_b
Oxford University Press
_c
1859
650
_a
Special Education
942
_c
BOOK
_k
371.9/YOU
999
_c
35490
_d
35490